Law and Practice of Direct and Indirect Taxes / (Record no. 1041)

MARC details
000 -LEADER
Fixed length control field 00497nam a2200181 4500
003 - CONTROL NUMBER IDENTIFIER
Control field SEACOMMC
005 - DATE AND TIME OF LATEST TRANSACTION
Control field 20250501152615.0
008 - FIXED-LENGTH DATA ELEMENTS--GENERAL INFORMATION
Fixed length control field 250131b |||||||| |||| 00| 0 eng d
020 ## - INTERNATIONAL STANDARD BOOK NUMBER / ISBN
International Standard Book Number 81-88133-06-X
Price Rs.375.00
040 ## - CATALOGING SOURCE
Original cataloging agency SEACOMMC
082 ## - DEWEY DECIMAL CLASSIFICATION NUMBER
Classification number 336.294
Book Number S 476
100 ## - MAIN ENTRY--PERSONAL NAME
Personal name Sengupta, C.H.
245 1# - TITLE STATEMENT
Title Law and Practice of Direct and Indirect Taxes /
Statement of responsibility C.H. Sengupta.
250 ## - EDITION STATEMENT
Edition statement 12th rev & enl ed.
260 ## - IMPRINT
Place of publication Kolkata
Name of publisher Dey Book Concern
Date of publication 2007
650 ## - SUBJECT ADDED ENTRY--TOPICAL TERM
Topical term Taxation
942 ## - ADDED ENTRY ELEMENTS (KOHA)
Koha item type Books
Holdings
Withdrawn status Lost status Source of classification Damaged status Not for loan Home library Current library Shelving location Date acquired Total Checkouts Call number Accession number Date last seen Price effective from Koha item type Copy number
    Dewey Decimal Classification     SEACOM MANAGEMENT COLLEGE SEACOM MANAGEMENT COLLEGE Reference 18/01/2008   336.294 S 476 M-1815 31/01/2025 31/01/2025 Books  
    Dewey Decimal Classification     SEACOM MANAGEMENT COLLEGE SEACOM MANAGEMENT COLLEGE   18/01/2008   336.294 S 476 M-1816 31/01/2025 31/01/2025 Books 1
© Seacom Engineering College, All rights reserved.    Powered by Koha